Traditional wildlife hunting at mekong river basin of cambodia, សិក្សាទំនៀមទំលាប់ប្រមាញ់តស្វព្រៃនៅភូមិភាគអាងទន្លេមេគង្គ (Record no. 3120)

000 -LEADER
fixed length control field 00589nam a22001577a 4500
003 - CONTROL NUMBER IDENTIFIER
control field OSt
005 - DATE AND TIME OF LATEST TRANSACTION
control field 20151104144132.0
008 - FIXED-LENGTH DATA ELEMENTS--GENERAL INFORMATION
fixed length control field 151104b xxu||||| |||| 00| 0 eng d
040 ## - CATALOGING SOURCE
Transcribing agency RUA
082 ## - DEWEY DECIMAL CLASSIFICATION NUMBER
Classification number FOR KRY 1997 B123 Or.1
100 ## - MAIN ENTRY--PERSONAL NAME
9 (RLIN) 3347
Personal name KRY, MASPHAL.
245 ## - TITLE STATEMENT
Title Traditional wildlife hunting at mekong river basin of cambodia, សិក្សាទំនៀមទំលាប់ប្រមាញ់តស្វព្រៃនៅភូមិភាគអាងទន្លេមេគង្គ
260 ## - PUBLICATION, DISTRIBUTION, ETC. (IMPRINT)
Place of publication, distribution, etc. Phnom Penh
Name of publisher, distributor, etc. RUA
Date of publication, distribution, etc. 1997
300 ## - PHYSICAL DESCRIPTION
Extent 74p.
Other physical details ill.
Dimensions 29cm.
942 ## - ADDED ENTRY ELEMENTS (KOHA)
Source of classification or shelving scheme
Koha item type FOR
Holdings
Price effective from Date last seen Permanent Location Not for loan Date acquired Source of classification or shelving scheme Koha item type Barcode Lost status Damaged status Shelving location Withdrawn status Current Location Full call number
2015-11-042015-11-04Library Block B 2015-11-04 FORRUA034523  B123 Library Block BFOR KRY 1997 B123 Or.1
2015-11-042015-11-04Library Block B 2015-11-04 FORRUA034524  B123 Library Block BFOR KRY 1997 B123 Or.2
2015-11-042015-11-04Library Block B 2015-11-04 FORRUA034320  B123 Library Block BFOR KRY 1997 B123 Or.3
2015-11-062015-11-06Library Block B 2015-11-06 FORRUA027572  B123 Library Block BFOR KRY 1997 B123 Or.4
មជ្ឈមណ្ឌលឯការនៃសាកលវិទ្យាល័យភូមិន្ទកសិកម្មចំការដូង

Powered by Koha